Otázky výstavby strany a stranické práce : sborník Vojenské politické akademie Klementa Gottwalda /

Hlavní autor: Rovenský, Dušan, 1928-2017
Další autoři: Havlíček, Miroslav
Jazyk: Čeština
Vydáno: Praha : Vojenská politická akademie Klementa Gottwalda, 1962
Edice: Sborník Vojenské politické akademie Klementa Gottwalda
Fyzický popis: 188 s.
Knihy
Uloženo v:
LEADER 00992nam a2200229 a 4500
001 000611591
003 CZ BrMZK
005 20140526141618.0
007 ta
008 020719s1962 xr f cze d
040 |a BOA001  |b cze  |c BOA001 
100 1 |a Rovenský, Dušan,  |d 1928-2017  |7 jk01102893  |4 aut 
245 1 0 |a Otázky výstavby strany a stranické práce :  |b sborník Vojenské politické akademie Klementa Gottwalda /  |c Dušan Rovenský, Miroslav Havlíček 
260 |a Praha :  |b Vojenská politická akademie Klementa Gottwalda,  |c 1962 
300 |a 188 s. 
490 1 |a Sborník Vojenské politické akademie Klementa Gottwalda 
700 1 |a Havlíček, Miroslav  |4 aut 
830 0 |a Sborník Vojenské politické akademie Klementa Gottwalda 
910 |a BOA001  |b 2-0473.926 
990 |a BK 
996 6 |b 2619067273  |c 2-0473.926  |l MZK  |r Sklad / do 24 hodin  |n 0  |w 000611591  |u 000020  |a 1  |e BOA001  |j MZK50  |s P 
996 7 |b 2619067274  |c 2-0473.926  |l MZK  |r Sklad / do 24 hodin  |n 0  |w 000611591  |u 000010  |a 1  |e BOA001  |j MZK50  |s A